Loto des émotions (Record no. 144)
[ view plain ]
| 000 -LEADER | |
|---|---|
| Leader | 00684npm a22001577a 4500 |
| 003 - IDENTIFIANT DE NUMÉRO DE CONTRÔLE | |
| champ de contrôle | OSt |
| 005 - DATE ET HEURE DE LA DERNIÈRE TRANSACTION | |
| champ de contrôle | 20250527141115.0 |
| 007 - CHAMP FIXE DE DESCRIPTION PHYSIQUE -- INFORMATIONS GENERALES | |
| Leader | ou |
| 008 - Éléments de longueur fixe - Renseignements généraux | |
| Leader | 250311b |||||||| |||| 00| i fre d |
| 040 ## - SOURCE DE CATALOGAGE | |
| Agence transcriptrice | autismepaimpol.fr |
| 245 ## - Titre | |
| Titre | Loto des émotions |
| 246 ## - Pour qui ? Pour quoi ? | |
| Pour quoi ? Pour qui ? | Aborder les expressions diverses du visage selon les émotions |
| 942 ## - Type d'objet | |
| Type d'objet | Loto |
| 500 ## - Description | |
| Description | Outre le jeu de loto traditionnel, plusieurs possibilités de jeu (décrire le visage pour le faire deviner à un autre joueur, reproduire la même mimique devant un miroir...) peuvent servir de prétexte à la discussion des sentiments. |
| 562 ## - NOTE D'IDENTIFICATION DE L'EXEMPLAIRE ET DE LA VERSION | |
| Format de présentation | Loto en bois, contenant 4 planches en bois (dim. 12 x 20 cm) + 24 jetons en bois |
| 999 ## - | |
| -- | 144 |
| -- | 144 |
| Statut retiré des collections | Statut perdu | Source de classification / plan de classement | Statut endommagé | Exclu du prêt | Site de rattachement | Site actuel | Date d'acquisition | Total des prêts | Code à barres | Vu en dernier | Prix effectif de | Type de document Koha |
|---|---|---|---|---|---|---|---|---|---|---|---|---|
| Classification décimale de Dewey | Autisme Paimpol - Matériel | Autisme Paimpol - Matériel | 11/03/2025 | 81 | 11/03/2025 | 11/03/2025 | Loto |